Normal view MARC view

Entry Personal Name

Number of records used in: 1

001 - CONTROL NUMBER

  • control field: 6962

003 - CONTROL NUMBER IDENTIFIER

  • control field: OSt

005 - DATE AND TIME OF LATEST TRANSACTION

  • control field: 20160301190613.0

008 - FIXED-LENGTH DATA ELEMENTS

  • fixed length control field: 160301|| aca||aabn | a|a d

040 ## - CATALOGING SOURCE

  • Original cataloging agency: OSt
  • Transcribing agency: OSt

100 ## - HEADING--PERSONAL NAME

  • Personal name: So, Alvin Y.,
  • Dates associated with a name: 1953-

670 ## - SOURCE DATA FOUND

  • Source citation: Work cat.: (OSt)3132: So, Alvin Y., 1953-, Social change and development :, 1990.